Fonctions de la diplomatie économique d'État diplomová práca

Enregistré dans:
Détails bibliographiques
Auteur principal: Pečivová, Marta
Collectivité auteur: Ekonomická univerzita v Bratislave. Ústav medzinárodných programov
Autres auteurs: Rusiňák, Peter, Martin, Claude
Format: Livre
Langue:français
Publié: Bratislava 2010
Tags: Ajouter un tag
Pas de tags, Soyez le premier à ajouter un tag!

MARC

LEADER 00000nam a2200000 4500
001 0119213
005 20240318114922.9
041 0 |a fre 
044 |a SK 
245 1 0 |a Fonctions de la diplomatie économique d'État  |b diplomová práca  |c Marta Pečivová ; škol. Peter Rusiňák, Claude Martin 
264 1 |a Bratislava  |c 2010 
300 |a 85 s. 
100 1 |a Pečivová, Marta 
700 1 |a Rusiňák, Peter 
700 1 |a Martin, Claude 
710 2 |a Ekonomická univerzita v Bratislave. Ústav medzinárodných programov